| Tag |
First Indicator |
Second Indicator |
Subfields |
| LEADER |
00000cas a2200000 a 4500 |
| 001 |
in00002249409 |
| 005 |
20220106091301.0 |
| 006 |
m d f |
| 007 |
cr an||||||||| |
| 008 |
061221c20069999vauqr pso f0 a0eng c |
| 010 |
|
|
|a 2006231866
|
| 022 |
0 |
|
|a 1940-6703
|l 1940-6703
|2 1
|
| 029 |
1 |
|
|a AU@
|b 000041161327
|
| 029 |
1 |
|
|a NZ1
|b 13260112
|
| 029 |
1 |
|
|a AU@
|b 000045736221
|
| 035 |
|
|
|a (OCoLC)ocm77213230
|
| 037 |
|
|
|b InfoDomain, Naval Network Warfare Command, Naval Amphibious Base Little Creek, Public Affairs Office, 2465 Guadalcanal Rd., Norfolk, Va. 23521-3228
|
| 040 |
|
|
|a GPO
|c GPO
|d GPO
|d NSD
|d DOS
|d DLC
|d GPO
|d OCLCQ
|d GPO
|d MvI
|d UtOrBLW
|
| 042 |
|
|
|a pcc
|a nsdp
|
| 043 |
|
|
|a n-us---
|
| 049 |
|
|
|a WWW
|
| 050 |
1 |
0 |
|a ISSN RECORD
|
| 050 |
|
4 |
|a VG77
|b .A13
|
| 074 |
|
|
|a 0370-A-03 (online)
|
| 082 |
1 |
0 |
|a 629.4
|2 14
|
| 086 |
0 |
|
|a D 201.43:
|
| 222 |
|
0 |
|a InfoDomain
|b (Online)
|
| 245 |
0 |
0 |
|a InfoDomain :
|b information superiority for the warfighter.
|
| 246 |
3 |
|
|a Info domain
|
| 246 |
3 |
0 |
|a Information superiority for the warfighter
|
| 246 |
3 |
0 |
|a Decision superiority for the warfighter
|
| 264 |
|
1 |
|a Norfolk, VA :
|b Naval Network Warfare Command,
|c [2006]-
|
| 336 |
|
|
|a text
|b txt
|2 rdacontent
|
| 337 |
|
|
|a computer
|b c
|2 rdamedia
|
| 338 |
|
|
|a online resource
|b cr
|2 rdacarrier
|
| 362 |
0 |
|
|a Summer 2006-
|
| 300 |
|
|
|a volumes :
|b digital, PDF file.
|
| 310 |
|
|
|a Quarterly
|
| 500 |
|
|
|a Title from title screen (Publisher web site PDF, viewed on Dec. 19, 2006).
|
| 500 |
|
|
|a Latest issue consulted: Fall 2008.
|
| 500 |
|
|
|a Title from PDF cover (Publisher web site PDF, viewed on Dec. 19, 2006).
|
| 538 |
|
|
|a Mode of access: Internet at the NetWarCom ([Naval] Network Warfare Command) web site. Address as of 12/19/06: https://ekm.netwarcom.navy.mil/netwarcom/nnwc-nipr/pao/infodomain.htm ; current access is available via PURL.
|
| 500 |
|
|
|a Latest issue consulted: Summer 2010.
|
| 500 |
|
|
|a Title from title screen (viewed on Dec. 19, 2006).
|
| 530 |
|
|
|a Also issued in print.
|
| 500 |
|
|
|a Electronic resource.
|
| 610 |
1 |
0 |
|a United States.
|b Navy
|x Communication systems
|v Periodicals.
|
| 610 |
1 |
0 |
|a United States.
|b Naval Network Warfare Command
|v Periodicals.
|
| 650 |
|
0 |
|a Astronautics, Military
|x Communication systems
|v Periodicals.
|
| 776 |
1 |
|
|t InfoDomain
|w (DLC) 2010230372
|w (OCoLC)71149474
|
| 710 |
1 |
|
|a United States.
|b Naval Network Warfare Command.
|
| 710 |
1 |
|
|a United States.
|b Navy Cyber Forces.
|
| 856 |
4 |
0 |
|3 Current issues
|u https://purl.fdlp.gov/GPO/LPS124482
|t 0
|
| 856 |
4 |
0 |
|3 Archived issues
|u https://purl.fdlp.gov/GPO/LPS77087
|t 0
|
| 999 |
|
|
|a MARS
|
| 999 |
f |
f |
|s f0c2a41f-d459-3cf4-ac01-534b9cb831b1
|i 0f70c48b-f123-3a0d-acef-bd6191a9176a
|t 0
|
| 952 |
f |
f |
|a Texas A&M University
|b College Station
|c Electronic Resources
|d Available Online
|t 0
|e D 201.43:
|h Superintendent of Documents classification
|
| 998 |
f |
f |
|a D 201.43:
|t 0
|l Available Online
|